<?xml version="1.0" encoding="UTF-8"?>
<collection xmlns="http://www.loc.gov/MARC21/slim">
 <record>
  <leader>01304nam a22001937a 4500</leader>
  <controlfield tag="001">NCT_4_007325</controlfield>
  <controlfield tag="008">240506b        xxu||||| |||| 00| 0 vie d</controlfield>
  <datafield tag="999" ind1=" " ind2=" ">
   <subfield code="c">8270</subfield>
   <subfield code="d">8270</subfield>
  </datafield>
  <datafield tag="020" ind1=" " ind2=" ">
   <subfield code="a">9786043485257</subfield>
   <subfield code="c">100000</subfield>
  </datafield>
  <datafield tag="082" ind1="0" ind2="4">
   <subfield code="2">23rd ed.</subfield>
   <subfield code="a">305.42</subfield>
   <subfield code="b">S464</subfield>
  </datafield>
  <datafield tag="100" ind1="1" ind2=" ">
   <subfield code="a">Lương Thanh Sơn</subfield>
  </datafield>
  <datafield tag="245" ind1="1" ind2="0">
   <subfield code="a">Phụ nữ Êđê trong xã hội mẫu hệ</subfield>
   <subfield code="c">Lương Thanh Sơn</subfield>
  </datafield>
  <datafield tag="260" ind1=" " ind2=" ">
   <subfield code="a">H.</subfield>
   <subfield code="b">Phụ nữ Việt Nam</subfield>
   <subfield code="c">2022</subfield>
  </datafield>
  <datafield tag="300" ind1=" " ind2=" ">
   <subfield code="a">263tr.</subfield>
   <subfield code="c">21 cm</subfield>
  </datafield>
  <datafield tag="520" ind1="3" ind2=" ">
   <subfield code="a">Người Êđê được xem là dân tộc phát triển và giàu bản sắc văn hóa sinh sống ở Tây Nguyên. Gia đình Êđê theo chế độ mẫu hệ; Hình thức đại gia đình tồn tại phổ biến trong các buôn làng Êđê truyền thống. Đến thời hiện đại, người Êđê đã luôn theo sát chính sách bảo tồn và phát huy các giá trị văn hóa truyền thống của Nhà nước Việt Nam.</subfield>
  </datafield>
  <datafield tag="653" ind1=" " ind2=" ">
   <subfield code="a">Quản trị Dịch vụ Du lịch và Lữ hành</subfield>
  </datafield>
  <datafield tag="942" ind1=" " ind2=" ">
   <subfield code="2">ddc</subfield>
   <subfield code="c">BK</subfield>
  </datafield>
  <datafield tag="952" ind1=" " ind2=" ">
   <subfield code="0">0</subfield>
   <subfield code="1">0</subfield>
   <subfield code="2">ddc</subfield>
   <subfield code="4">0</subfield>
   <subfield code="6">305_420000000000000_S464</subfield>
   <subfield code="7">0</subfield>
   <subfield code="9">28840</subfield>
   <subfield code="a">000001</subfield>
   <subfield code="b">000001</subfield>
   <subfield code="d">2024-05-06</subfield>
   <subfield code="o">305.42 S464</subfield>
   <subfield code="p">MD.22368</subfield>
   <subfield code="r">2024-05-06</subfield>
   <subfield code="v">100000.00</subfield>
   <subfield code="w">2024-05-06</subfield>
   <subfield code="y">BK</subfield>
  </datafield>
  <datafield tag="980" ind1=" " ind2=" ">
   <subfield code="a">Thư viện Trường Đại học Nam Cần Thơ</subfield>
  </datafield>
 </record>
</collection>
